Регионална библиотека "Любен Каравелов" - Русе

И ние в литературата (Запис номер 74975)

MARC детайли
000 -Лидер
Контролно поле с фиксирана дължина 02170nam a2200409 c 4500
003 - Код на организацията, давaща контролен номер
Контролно поле BLK
005 - Дата и час на последна редакция
Контролно поле 20230407030327.0
008 - Елементи от данни с фиксирана дължина
fixed length control field 180408b bul|||||r ||||||| ||bul||
010 ## - Наследен системен номер
LC control number KNG00079381000
020 ## - Международен стандартен номер на книга ISBN
Международен стандартен номер на книга ISBN 978-954-524-731-6
-- издат.: Унив. изд. Св. св. Кирил и Методий
040 ## - Източник на каталожния запис
Идентификатор на билиотеката - собственик на записа BLK
041 ## - Код за език
Код за езика на текст/звукозапис или на отделно заглавие Български
Код за езика КДБФ Български
072 #7 - Код за тематичната категория
Код организация bullib
Код за тематична категория Н00
Текст Общ отдел Н
080 ## - УДК
Текстов определител УДК Българска литература
УДК код - определител по УДК 821.163.2
УДК определител .09(08)
УДК - код + определител 821.163.2.09(08)
080 ## - УДК
Текстов определител УДК Био-библиографии
УДК код - определител по УДК 016:929
УДК определител
УДК - код + определител 016:929
080 ## - УДК
Текстов определител УДК Теория на литературата. Литературна техника
УДК код - определител по УДК 82.01/.09
УДК определител (497.2)(01)
УДК - код + определител 82.01/.09(497.2)(01)
080 ## - УДК
Текстов определител УДК Биографии
УДК код - определител по УДК 929
УДК определител (497.2)
УДК - код + определител 929(497.2)
139 ## - Редно поле
Редна дума И ние в литературата
Авторски знак И - И 11
245 10 - Сведения за заглавието
Заглавие И ние в литературата
Подзаглавни данни Изследвания, библиотеки, оценки
Редно поле (дума) състав. Елена Колева Налбантова.
257 ## - Страна на издаване
Страна на създаване/издаване България
260 ## - Област на издателските данни
-- В. Търново
Име на издателя, разпространителя и проч. Унив. изд. Св. св. Кирил и Методий
Година на издаване 2010
Печатница В. Търново : ИВИС
300 ## - Физическа характеристика
Страници 288 с.
Илюстрации и др. с ил.
Размери/Мащаб 24 см
380 ## - Жанр
Жанр Общ отдел
500 ## - Общи забележки
Забележка Изд. на Великотърновски унив. Св. св. Кирил и Методий. Кат. Бълг. литература. - Съдържа и Библиография на научните публикации на едно поколение търновски учени. - Библиогр. след някои материали.
650 #4 - Допълнително описание по предмет – тема
Основно описание – тема или топоним Българска литература - теми, образи, сюжети
9 (RLIN) 242409
650 #4 - Допълнително описание по предмет – тема
Основно описание – тема или топоним Литературоведи, български
9 (RLIN) 267787
653 ## - Ключова дума – ненормативна
Ключова дума българска литература
653 ## - Ключова дума – ненормативна
Ключова дума български литературоведи
653 ## - Ключова дума – ненормативна
Ключова дума библиографии
659 ## - Тематичен бюлетин
Тематичен бюлетин Н
700 1# - Други автори (авторска отговорност)
Лично име Налбантова, Елена Колева
Автороска отговорност (Описва отношението между автора и произведението) състав.
9 (RLIN) 263990
852 ## - Местоположение
Форматна сигнатура Цб 253288
856 4# - Електронен адрес и достъп
Електронен формат pdf - файл
Път до файла /url/
856 4# - Електронен адрес и достъп
Електронен формат pdf - файл
Път до файла /url/
942 ## - АРТИКУЛИ
Вид на библиотечния материал Книги
Скрит в OPAC Не
Koha issues (borrowed), all copies 1
944 ## - СЪЗДАВАНЕ И РЕДАКЦИЯ на ЗАПИСА
Създаване/Редакция Създаване
Дата на регистрацията/редакция 25.10.2011
Статус, дата на статуса ф /
Служител, извършил регистрацията/редакцията Людмила_Стоянова
944 ## - СЪЗДАВАНЕ И РЕДАКЦИЯ на ЗАПИСА
Създаване/Редакция Редакция
Дата на регистрацията/редакция 24.10.2014
Статус, дата на статуса ф /
Служител, извършил регистрацията/редакцията
999 ## - СИСТЕМНИ КОНТРОЛНИ НОМЕРА
Koha biblionumber 74975
Koha biblioitemnumber 74975
Наличности
Код за отписване Код за изгубен артикул Код за повреда Коз за рестрикции Код за отдаване Артикулен № Име на библиотеката - собственик Име на библиотеката, в която се намира в момента Статус (Текущо местоположение) Дата на вписване в системата Местоположение - отдел Цена в лева Инвентарен номер Систематично азбучна сигнатура Баркод Номер на екземпляра Цена в евро Служебна бележка Служебен тип на артикула Източник на класификационната схема
  Не е изгубен Не е повреден без рестрикции ползва се в читалня 121878 Регионална библиотека "Любен Каравелов" Русе Регионална библиотека "Любен Каравелов" Русе Хранилище 2011-10-24 Хранилище 12.00 120000753771 Цб 253288 120000753771 1 6.14 Дост: Dp Вид: Д N: 11 Дата: 14.03.2011 Книги  
  Не е изгубен Не е повреден без рестрикции заемане за дома 121879 Регионална библиотека "Любен Каравелов" Русе Регионална библиотека "Любен Каравелов" Русе Заемна - подръчен фонд 2014-09-24 Заемна - подръчен фонд 12.00 120000781010 821.163.2.09/И 11 120000781010 2 6.14 Дост: DA Вид: А N: 20 Дата: 24.09.2014 Дата инв: 07.02.2018 Бележки инв: П2018 Книги Universal Decimal Classification
Vip Innovations Ltd, Rousse, Bulgaria 2025